Gifted child today magazine

Detalles Bibliográficos
Título anterior:Gifted child today (Online)
Formato: Electrónico Revista
Lenguaje:inglés
Publicado: Waco, TX : Prufrock Press
Thousand Oaks, Calif. : SAGE Publications
Materias:
Acceso en línea:Full text available from Research Library: 09/01/1982 to 10/31/2018

MARC

LEADER 00000nas a22000007a 4500
001 ssj0000908
003 WaSeSS
005 20200512172242.0
006 m d
007 cr n
008 050822c19939999cauqr pss 0 a0eng
010 |a  2011200799 
022 |a 2162-951X  |y 1076-2175 
035 |a (WaSeSS)ssj0000908 
037 |b SAGE Publications, 2455 Teller Road, Thousand Oaks, CA 91320 
040 |a OCLCS  |b eng  |c OCLCS  |d OCLCS  |d OCLCQ  |d AU@  |d OIP  |d DLC  |d OCLCQ  |d OCLCF  |d OCLCQ  |d ELW  |d OCLCO  |d VT2  |d NJT  |d WaSeSS 
042 |a pcc  |a nsdp 
050 1 4 |a LC3991  |b .G54 
082 1 0 |a 371  |2 14 
130 0 |a Gifted child today magazine (Online) 
222 0 |a Gifted child today magazine  |b (Online) 
245 1 0 |a Gifted child today magazine  |h [electronic resource]. 
246 1 |i Print issues for <Jan. 2012-> have title:  |a Gifted child today 
246 1 |a GCT  |f <Jan. 2012-> 
260 |3 1993- :  |a Waco, TX :  |b Prufrock Press 
260 3 |3 <Jan. 2012-> :  |a Thousand Oaks, Calif. :  |b SAGE Publications 
310 |a Quarterly,  |b <Jan. 2012-> 
321 |a Bimonthly,  |b 1993- 
362 1 |a Print began with vol. 16, no. 5 (Sept./Oct. 1993). 
506 |a License restrictions may limit access. 
515 |a Issues for Sept./Oct.-Nov./Dec. 1993 called also issue 88-89. 
538 |a Mode of access: World Wide Web. 
588 |a Description based on: Vol. 23, issue 1 (Jan./Feb. 2000); title from caption (Prufrock website, viewed Aug. 16, 2011). 
588 |a Latest issue consulted: Vol. 34, issue 2 (spring 2011). 
650 0 |a Gifted children  |x Education  |v Periodicals. 
650 0 |a Gifted children  |v Periodicals. 
650 7 |a Gifted children.  |2 fast  |0 (OCoLC)fst00942561 
650 7 |a Gifted children  |x Education.  |2 fast  |0 (OCoLC)fst00942566 
655 0 |a Electronic journals. 
776 0 8 |i Print version:  |t Gifted child today magazine  |x 1076-2175  |w (DLC)sn 94030891  |w (OCoLC)29578458 
780 0 0 |t Gifted child today (Online)  |w (OCoLC)61313544 
856 4 0 |z Full text available from Research Library: 09/01/1982 to 10/31/2018  |u https://search.proquest.com/publication/46372